[Event "Deutsche Ländermeisterschaft 2017"]
[Site "Hannover GER"]
[Date "2017.10.04"]
[Round "7"]
[White "Weber, Samuel"]
[Black "Schmidek, Emil"]
[Result "0-1"]
[Termination "normal"]
[Board "2.2"]
[BlackTitle "FM"]
[WhiteElo "2240"]
[BlackElo "2414"]
[WhiteClock "00:03:15"]
[BlackClock "00:31:04"]
[WhiteTeam "Hessen"]
[BlackTeam "Berlin"]
[PlyCount "68"]
[WhiteFideId "12924008"]
[BlackFideId "12908150"]
[EventCountry "GER"]
[EventRounds "7"]
[EventType "team-swiss"]
[EventDate "2017.09.29"]

1. e4 {[%clk 1:30:34]} e5 {[%clk 1:30:54]} 2. Nf3 {[%clk 1:30:57]} Nc6 {[%clk
1:31:18]} 3. Bb5 {[%clk 1:31:15]} a6 {[%clk 1:31:43]} 4. Bxc6 {[%clk 1:31:14]}
dxc6 {[%clk 1:32:08]} 5. O-O {[%clk 1:31:39]} Bg4 {[%clk 1:32:27]} 6. h3 {[%clk
1:32:03]} h5 {[%clk 1:32:47]} 7. d3 {[%clk 1:32:21]} Qf6 {[%clk 1:33:11]} 8.
Be3 {[%clk 1:32:42]} Bxf3 {[%clk 1:33:25]} 9. Qxf3 {[%clk 1:33:07]} Qxf3 {[%clk
1:33:50]} 10. gxf3 {[%clk 1:33:33]} Bd6 {[%clk 1:34:12]} 11. Nd2 {[%clk
1:33:39]} Ne7 {[%clk 1:34:14]} 12. Nc4 {[%clk 1:32:10]} Ng6 {[%clk 1:34:30]}
13. Rfd1 {[%clk 1:31:22]} f6 {[%clk 1:33:46]} 14. Kf1 {[%clk 1:28:07]} O-O-O
{[%clk 1:32:48]} 15. c3 {[%clk 1:23:21]} c5 {[%clk 1:19:12]} 16. Ke2 {[%clk
1:09:25]} Nf8 {[%clk 1:09:35]} 17. Nxd6+ {[%clk 0:58:24]} cxd6 {[%clk 1:09:52]}
18. d4 {[%clk 0:57:59]} Ne6 {[%clk 0:40:46]} 19. d5 {[%clk 0:51:55]} Nf4+
{[%clk 0:37:19]} 20. Bxf4 {[%clk 0:51:08]} exf4 {[%clk 0:37:47]} 21. b4 {[%clk
0:42:43]} b6 {[%clk 0:34:02]} 22. b5 {[%clk 0:38:58]} axb5 {[%clk 0:31:00]} 23.
Rdb1 {[%clk 0:38:34]} Kc7 {[%clk 0:31:11]} 24. Rxb5 {[%clk 0:38:59]} Ra8 {[%clk
0:31:39]} 25. a4 {[%clk 0:39:12]} Rhb8 {[%clk 0:30:41]} 26. Kd3 {[%clk
0:37:23]} Ra5 {[%clk 0:29:19]} 27. Rxa5 {[%clk 0:30:45]} bxa5 {[%clk 0:29:44]}
28. Kc2 {[%clk 0:31:13]} c4 {[%clk 0:29:41]} 29. Rb1 {[%clk 0:25:31]} Rxb1
{[%clk 0:30:05]} 30. Kxb1 {[%clk 0:25:56]} Kd7 {[%clk 0:30:20]} 31. Kc2 {[%clk
0:24:50]} Ke7 {[%clk 0:30:41]} 32. Kd2 {[%clk 0:08:44]} f5 {[%clk 0:30:37]} 33.
e5 {[%clk 0:07:58]} dxe5 {[%clk 0:31:04]} 34. h4 {[%clk 0:03:15]} Kd6 0-1

[Event "Deutsche Ländermeisterschaft 2017"]
[Site "Hannover GER"]
[Date "2017.10.04"]
[Round "7"]
[White "Lagunow, Raphael"]
[Black "Stork, Oliver"]
[Result "1-0"]
[Termination "normal"]
[Board "2.3"]
[WhiteTitle "FM"]
[WhiteElo "2357"]
[BlackElo "2175"]
[WhiteClock "00:30:22"]
[BlackClock "00:01:23"]
[WhiteTeam "Berlin"]
[BlackTeam "Hessen"]
[PlyCount "53"]
[WhiteFideId "24652644"]
[BlackFideId "12955728"]
[EventCountry "GER"]
[EventRounds "7"]
[EventType "team-swiss"]
[EventDate "2017.09.29"]

1. e4 c6 {[%clk 1:30:20]} 2. d4 {[%clk 1:31:18]} d5 {[%clk 1:30:48]} 3. exd5
{[%clk 1:31:43]} cxd5 {[%clk 1:31:10]} 4. Bd3 {[%clk 1:32:09]} Nc6 {[%clk
1:31:29]} 5. c3 {[%clk 1:32:34]} Qc7 {[%clk 1:31:41]} 6. Ne2 {[%clk 1:32:47]}
Bg4 {[%clk 1:32:01]} 7. O-O {[%clk 1:33:06]} e6 {[%clk 1:31:11]} 8. Qe1 {[%clk
1:33:29]} Bxe2 {[%clk 1:29:23]} 9. Qxe2 {[%clk 1:33:34]} Bd6 {[%clk 1:29:12]}
10. h3 {[%clk 1:27:53]} Nf6 {[%clk 1:20:01]} 11. Bg5 {[%clk 1:26:09]} O-O-O
{[%clk 1:17:19]} 12. a4 {[%clk 1:19:55]} h6 {[%clk 1:06:27]} 13. Be3 {[%clk
1:17:47]} e5 {[%clk 0:56:23]} 14. Na3 {[%clk 1:09:02]} e4 {[%clk 0:46:32]} 15.
Bb1 {[%clk 1:07:38]} Ne8 {[%clk 0:30:29]} 16. c4 {[%clk 1:01:06]} dxc4 {[%clk
0:22:19]} 17. Nb5 {[%clk 0:58:24]} Qe7 {[%clk 0:19:53]} 18. Qxc4 {[%clk
0:57:03]} Nc7 {[%clk 0:15:45]} 19. d5 {[%clk 0:51:38]} Nxd5 {[%clk 0:10:10]}
20. Nxa7+ {[%clk 0:50:58]} Kb8 {[%clk 0:10:19]} 21. Nxc6+ {[%clk 0:42:08]} bxc6
{[%clk 0:10:43]} 22. Bxe4 {[%clk 0:38:29]} Nxe3 {[%clk 0:05:18]} 23. fxe3
{[%clk 0:32:52]} Rhe8 {[%clk 0:02:15]} 24. Bxc6 {[%clk 0:29:41]} Qxe3+ {[%clk
0:02:10]} 25. Kh1 {[%clk 0:29:49]} Re7 {[%clk 0:01:21]} 26. Qb5+ {[%clk
0:30:00]} Ka7 {[%clk 0:01:23]} 27. Qa5+ {[%clk 0:30:22]} 1-0

[Event "Deutsche Ländermeisterschaft 2017"]
[Site "Hannover GER"]
[Date "2017.10.04"]
[Round "7"]
[White "Bui, Bao Anh Le"]
[Black "Krastev, Alexander"]
[Result "0-1"]
[Termination "normal"]
[Board "2.5"]
[WhiteElo "1896"]
[BlackElo "2072"]
[WhiteClock "00:05:18"]
[BlackClock "00:18:59"]
[WhiteTeam "Berlin"]
[BlackTeam "Hessen"]
[PlyCount "82"]
[WhiteFideId "12970719"]
[BlackFideId "12989983"]
[EventCountry "GER"]
[EventRounds "7"]
[EventType "team-swiss"]
[EventDate "2017.09.29"]

1. e4 e5 2. Nf3 {[%clk 1:31:08]} Nc6 {[%clk 1:31:19]} 3. Bc4 {[%clk 1:31:21]}
Nf6 {[%clk 1:31:44]} 4. d3 {[%clk 1:31:47]} Bc5 {[%clk 1:32:10]} 5. c3 {[%clk
1:32:07]} O-O {[%clk 1:32:31]} 6. Bg5 {[%clk 1:32:36]} h6 {[%clk 1:32:45]} 7.
Bh4 {[%clk 1:33:02]} Be7 {[%clk 1:33:11]} 8. Nbd2 {[%clk 1:32:31]} d6 {[%clk
1:33:31]} 9. a4 {[%clk 1:31:40]} Nh5 {[%clk 1:30:54]} 10. Bg3 {[%clk 1:31:09]}
g6 {[%clk 1:19:25]} 11. a5 {[%clk 1:15:26]} a6 {[%clk 1:19:49]} 12. d4 {[%clk
0:56:23]} exd4 {[%clk 1:11:47]} 13. Nxd4 {[%clk 0:54:22]} Nxd4 {[%clk 1:11:12]}
14. cxd4 {[%clk 0:54:44]} Bf6 {[%clk 1:11:30]} 15. Nf3 {[%clk 0:37:55]} Qe7
{[%clk 0:53:58]} 16. Qe2 {[%clk 0:29:27]} Re8 {[%clk 0:50:31]} 17. Bd3 {[%clk
0:25:31]} Bg4 {[%clk 0:49:43]} 18. Ra4 {[%clk 0:24:26]} Bg7 {[%clk 0:47:36]}
19. O-O {[%clk 0:19:59]} f5 {[%clk 0:43:50]} 20. h3 {[%clk 0:09:06]} Bxf3
{[%clk 0:32:52]} 21. Qxf3 {[%clk 0:07:27]} fxe4 {[%clk 0:33:16]} 22. Bc4+
{[%clk 0:07:51]} Kh7 {[%clk 0:33:35]} 23. Qe3 {[%clk 0:07:32]} Qd7 {[%clk
0:22:25]} 24. Ra3 {[%clk 0:05:21]} d5 {[%clk 0:21:11]} 25. Be2 {[%clk 0:05:46]}
Nxg3 {[%clk 0:21:33]} 26. fxg3 {[%clk 0:05:27]} Rf8 {[%clk 0:21:32]} 27. Raa1
{[%clk 0:05:41]} Qe7 {[%clk 0:20:52]} 28. Rfc1 {[%clk 0:04:52]} c6 {[%clk
0:19:11]} 29. g4 {[%clk 0:03:23]} Qg5 {[%clk 0:19:01]} 30. Qc3 {[%clk 0:03:03]}
Qf6 {[%clk 0:19:27]} 31. Rf1 {[%clk 0:02:49]} Qxd4+ {[%clk 0:19:52]} 32. Qxd4
{[%clk 0:03:09]} Bxd4+ {[%clk 0:20:19]} 33. Kh1 {[%clk 0:03:32]} Rab8 {[%clk
0:18:55]} 34. Rab1 {[%clk 0:03:40]} Rxf1+ {[%clk 0:19:17]} 35. Rxf1 {[%clk
0:04:03]} Kg7 {[%clk 0:19:40]} 36. g3 {[%clk 0:04:25]} Bxb2 {[%clk 0:19:50]}
37. Rb1 {[%clk 0:04:47]} Be5 {[%clk 0:20:15]} 38. Kg2 {[%clk 0:05:07]} Kf7
{[%clk 0:20:30]} 39. h4 {[%clk 0:05:21]} Ke6 40. Rc1 {[%clk 0:05:25]} Bc7
{[%clk 0:18:51]} 41. Ra1 {[%clk 0:05:18]} c5 {[%clk 0:18:59]} 0-1

[Event "Deutsche Ländermeisterschaft 2017"]
[Site "Hannover GER"]
[Date "2017.10.04"]
[Round "7"]
[White "Reinecke, Katharina"]
[Black "Tham, Minh"]
[Result "1/2-1/2"]
[Termination "normal"]
[Board "2.6"]
[WhiteElo "1994"]
[BlackElo "1806"]
[WhiteClock "00:13:45"]
[BlackClock "00:19:56"]
[WhiteTeam "Hessen"]
[BlackTeam "Berlin"]
[PlyCount "54"]
[WhiteFideId "12929727"]
[BlackFideId "12997323"]
[EventCountry "GER"]
[EventRounds "7"]
[EventType "team-swiss"]
[EventDate "2017.09.29"]

1. d4 d5 2. Nf3 {[%clk 1:31:22]} e6 {[%clk 1:31:14]} 3. g3 {[%clk 1:31:28]} c6
{[%clk 1:31:38]} 4. Bg2 {[%clk 1:31:32]} Bd6 {[%clk 1:32:02]} 5. O-O {[%clk
1:31:18]} Nd7 {[%clk 1:31:39]} 6. b3 {[%clk 1:26:27]} Qe7 {[%clk 1:29:36]} 7.
c4 {[%clk 1:23:49]} f5 {[%clk 1:28:50]} 8. a4 {[%clk 1:22:42]} Ngf6 {[%clk
1:26:19]} 9. Ba3 {[%clk 1:20:48]} c5 {[%clk 1:26:39]} 10. Nbd2 {[%clk 1:12:04]}
b6 {[%clk 1:25:41]} 11. cxd5 {[%clk 1:03:48]} exd5 {[%clk 1:24:01]} 12. Rc1
{[%clk 1:01:19]} Bb7 {[%clk 1:22:37]} 13. e3 {[%clk 0:58:19]} O-O {[%clk
1:19:29]} 14. Qc2 {[%clk 0:55:19]} Ne4 {[%clk 1:18:48]} 15. Rfd1 {[%clk
0:51:56]} Rac8 {[%clk 1:18:40]} 16. Qb2 {[%clk 0:47:06]} Ndf6 {[%clk 1:13:20]}
17. h3 {[%clk 0:40:04]} Ba6 {[%clk 0:39:08]} 18. Ne5 {[%clk 0:36:53]} Rfd8
{[%clk 0:34:10]} 19. Ndf3 {[%clk 0:34:52]} Bb7 {[%clk 0:32:20]} 20. Qa1 {[%clk
0:29:47]} Re8 {[%clk 0:30:22]} 21. Bb2 {[%clk 0:27:43]} Rc7 {[%clk 0:27:38]}
22. a5 {[%clk 0:22:05]} Bxe5 {[%clk 0:24:41]} 23. Nxe5 {[%clk 0:21:03]} Qd6
{[%clk 0:21:55]} 24. Rc2 {[%clk 0:17:15]} Rec8 {[%clk 0:20:42]} 25. Rcc1 {[%clk
0:14:05]} Re8 {[%clk 0:20:14]} 26. Rc2 {[%clk 0:13:46]} Rec8 {[%clk 0:19:35]}
27. Rcc1 {[%clk 0:13:45]} Re8 {[%clk 0:19:56]} 1/2-1/2

[Event "Deutsche Ländermeisterschaft 2017"]
[Site "Hannover GER"]
[Date "2017.10.04"]
[Round "7"]
[White "Schnabel, Luise"]
[Black "Flach, Helene"]
[Result "1-0"]
[Termination "normal"]
[Board "2.7"]
[WhiteElo "1672"]
[BlackElo "1862"]
[WhiteClock "00:04:59"]
[BlackClock "00:05:35"]
[WhiteTeam "Berlin"]
[BlackTeam "Hessen"]
[PlyCount "73"]
[WhiteFideId "12943347"]
[BlackFideId "12929735"]
[EventCountry "GER"]
[EventRounds "7"]
[EventType "team-swiss"]
[EventDate "2017.09.29"]

1. e4 c5 2. Nf3 {[%clk 1:31:19]} e6 {[%clk 1:31:16]} 3. b3 {[%clk 1:31:25]} b6
{[%clk 1:31:34]} 4. Bb2 {[%clk 1:31:41]} Bb7 {[%clk 1:31:52]} 5. Qe2 d6 {[%clk
1:30:04]} 6. g3 {[%clk 1:28:52]} Nf6 {[%clk 1:29:10]} 7. d3 g6 {[%clk 1:19:27]}
8. Bg2 {[%clk 1:21:32]} Bg7 {[%clk 1:19:20]} 9. Nbd2 {[%clk 1:17:57]} O-O
{[%clk 1:18:00]} 10. O-O {[%clk 1:16:30]} Nc6 {[%clk 1:15:20]} 11. Nc4 {[%clk
1:08:30]} d5 {[%clk 1:06:03]} 12. Nce5 {[%clk 0:57:25]} Re8 {[%clk 1:00:29]}
13. Nxc6 {[%clk 0:54:47]} Bxc6 {[%clk 1:00:43]} 14. e5 {[%clk 0:54:17]} Nd7
{[%clk 0:57:53]} 15. Nd2 {[%clk 0:50:59]} Qc7 {[%clk 0:54:00]} 16. f4 {[%clk
0:49:14]} Rad8 {[%clk 0:49:04]} 17. Rad1 {[%clk 0:44:08]} Nb8 {[%clk 0:44:57]}
18. h4 {[%clk 0:36:31]} Bb7 {[%clk 0:42:14]} 19. h5 {[%clk 0:31:13]} Nc6 {[%clk
0:40:33]} 20. hxg6 {[%clk 0:30:55]} hxg6 {[%clk 0:40:35]} 21. Nf3 {[%clk
0:30:23]} Ne7 {[%clk 0:38:20]} 22. g4 {[%clk 0:27:15]} Bc8 {[%clk 0:29:39]} 23.
Qf2 {[%clk 0:20:47]} Kf8 {[%clk 0:26:30]} 24. Ng5 {[%clk 0:18:01]} Ng8 {[%clk
0:23:41]} 25. Qh4 {[%clk 0:14:04]} Nh6 {[%clk 0:16:09]} 26. Nh7+ {[%clk
0:11:00]} Kg8 {[%clk 0:16:33]} 27. Nf6+ {[%clk 0:10:41]} Kf8 {[%clk 0:16:26]}
28. Nxe8 {[%clk 0:09:29]} Kxe8 {[%clk 0:16:32]} 29. Bc1 {[%clk 0:07:26]} Qe7
{[%clk 0:09:57]} 30. Qxe7+ {[%clk 0:07:26]} Kxe7 {[%clk 0:10:21]} 31. Bf3
{[%clk 0:07:35]} Re8 {[%clk 0:07:19]} 32. Kf2 {[%clk 0:06:04]} Rh8 {[%clk
0:05:19]} 33. Rh1 {[%clk 0:05:40]} Ke8 {[%clk 0:04:53]} 34. c3 {[%clk 0:04:55]}
Ng8 {[%clk 0:04:43]} 35. Rxh8 {[%clk 0:04:47]} Bxh8 {[%clk 0:05:12]} 36. Rh1
{[%clk 0:05:04]} Bg7 {[%clk 0:05:35]} 37. d4 {[%clk 0:04:59]} *

[Event "Deutsche Ländermeisterschaft 2017"]
[Site "Hannover GER"]
[Date "2017.10.04"]
[Round "7"]
[White "Bayer, Melissa"]
[Black "Zhou, Lepu Coco"]
[Result "1/2-1/2"]
[Termination "normal"]
[Board "2.8"]
[WhiteElo "1523"]
[BlackElo "1585"]
[WhiteClock "00:18:36"]
[BlackClock "00:13:49"]
[WhiteTeam "Hessen"]
[BlackTeam "Berlin"]
[PlyCount "59"]
[WhiteFideId "16206916"]
[BlackFideId "16217136"]
[EventCountry "GER"]
[EventRounds "7"]
[EventType "team-swiss"]
[EventDate "2017.09.29"]

1. e4 e5 {[%clk 1:30:54]} 2. Nf3 {[%clk 1:31:18]} Nc6 {[%clk 1:31:19]} 3. Bb5
{[%clk 1:31:43]} a6 {[%clk 1:31:44]} 4. Ba4 {[%clk 1:31:40]} Nf6 {[%clk
1:32:08]} 5. O-O {[%clk 1:30:52]} Be7 {[%clk 1:32:28]} 6. Bxc6 {[%clk 1:30:56]}
dxc6 {[%clk 1:31:43]} 7. d3 {[%clk 1:30:54]} Qd6 {[%clk 1:28:37]} 8. Nbd2
{[%clk 1:29:10]} b5 {[%clk 1:26:54]} 9. b3 {[%clk 1:25:55]} Bg4 {[%clk
1:22:13]} 10. Bb2 {[%clk 1:19:44]} Nd7 {[%clk 1:20:46]} 11. h3 {[%clk 1:16:56]}
h5 {[%clk 1:17:07]} 12. Re1 {[%clk 1:08:15]} Qg6 {[%clk 1:04:41]} 13. Nxe5
{[%clk 1:03:28]} Nxe5 {[%clk 1:04:20]} 14. hxg4 {[%clk 1:03:41]} Nxg4 {[%clk
1:00:49]} 15. Nf3 {[%clk 0:59:33]} h4 {[%clk 0:58:28]} 16. Ne5 {[%clk 0:56:10]}
Nxe5 {[%clk 0:57:27]} 17. Bxe5 {[%clk 0:55:53]} Bd6 {[%clk 0:47:05]} 18. Bxd6
{[%clk 0:47:58]} cxd6 {[%clk 0:47:25]} 19. Qf3 {[%clk 0:45:29]} Qh5 {[%clk
0:44:36]} 20. Qxh5 {[%clk 0:37:47]} Rxh5 {[%clk 0:44:54]} 21. Re3 {[%clk
0:37:30]} Ke7 {[%clk 0:42:35]} 22. f4 {[%clk 0:36:56]} Ke6 {[%clk 0:39:11]} 23.
c3 {[%clk 0:34:30]} c5 {[%clk 0:36:09]} 24. Kf2 {[%clk 0:33:00]} Rah8 {[%clk
0:31:15]} 25. Rh3 {[%clk 0:29:04]} a5 {[%clk 0:30:45]} 26. Kf3 {[%clk 0:27:28]}
f6 {[%clk 0:18:58]} 27. Rah1 {[%clk 0:25:22]} R5h6 {[%clk 0:14:10]} 28. Kg4
{[%clk 0:20:23]} Rg6+ {[%clk 0:14:05]} 29. Kf3 {[%clk 0:20:40]} Rgh6 {[%clk
0:13:49]} 30. Kg4 {[%clk 0:18:36]} 1/2-1/2

[Event "Deutsche Ländermeisterschaft 2017"]
[Site "Hannover GER"]
[Date "2017.10.04"]
[Round "7"]
[White "Muckle, Julius"]
[Black "Reuker, Jari"]
[Result "1-0"]
[Termination "normal"]
[Board "3.1"]
[WhiteTitle "FM"]
[WhiteElo "2307"]
[BlackElo "2335"]
[WhiteClock "00:06:20"]
[BlackClock "00:37:29"]
[WhiteTeam "Rheinland-Pfalz"]
[BlackTeam "Niedersachsen"]
[PlyCount "95"]
[WhiteFideId "12942430"]
[BlackFideId "12909300"]
[EventCountry "GER"]
[EventRounds "7"]
[EventType "team-swiss"]
[EventDate "2017.09.29"]

1. d4 {[%clk 1:30:58]} Nf6 {[%clk 1:30:47]} 2. c4 {[%clk 1:31:19]} e6 {[%clk
1:31:12]} 3. Nc3 {[%clk 1:31:37]} Bb4 {[%clk 1:31:22]} 4. e3 {[%clk 1:31:58]}
O-O {[%clk 1:31:44]} 5. Bd3 {[%clk 1:32:22]} c5 {[%clk 1:32:09]} 6. Nf3 {[%clk
1:32:20]} d5 {[%clk 1:32:21]} 7. O-O {[%clk 1:32:21]} dxc4 {[%clk 1:32:45]} 8.
Bxc4 {[%clk 1:32:06]} Nbd7 {[%clk 1:32:51]} 9. a3 {[%clk 1:26:06]} cxd4 {[%clk
1:32:39]} 10. exd4 {[%clk 1:23:55]} Bxc3 {[%clk 1:33:01]} 11. bxc3 {[%clk
1:24:20]} Qc7 {[%clk 1:33:27]} 12. Qb3 {[%clk 1:22:28]} b6 {[%clk 1:33:08]} 13.
Be2 {[%clk 1:17:12]} Bb7 {[%clk 1:33:02]} 14. c4 {[%clk 1:16:56]} Ng4 {[%clk
1:29:25]} 15. g3 {[%clk 1:10:08]} e5 {[%clk 1:27:56]} 16. d5 {[%clk 1:06:33]}
Nc5 {[%clk 1:20:27]} 17. Qc2 {[%clk 0:54:28]} Bc8 {[%clk 1:05:23]} 18. Bb2
{[%clk 0:41:26]} Re8 {[%clk 1:04:27]} 19. Ng5 {[%clk 0:34:39]} g6 {[%clk
0:59:05]} 20. Qd1 {[%clk 0:22:36]} Nh6 {[%clk 0:48:51]} 21. f4 {[%clk 0:13:01]}
Nd7 {[%clk 0:41:59]} 22. fxe5 {[%clk 0:11:56]} Nxe5 {[%clk 0:41:58]} 23. Ne4
{[%clk 0:11:57]} Bh3 {[%clk 0:35:17]} 24. Nf6+ {[%clk 0:11:26]} Kg7 {[%clk
0:35:05]} 25. Nxe8+ {[%clk 0:08:10]} Rxe8 {[%clk 0:35:33]} 26. Rf4 {[%clk
0:07:44]} Nf5 {[%clk 0:31:01]} 27. Bd4 {[%clk 0:05:25]} f6 {[%clk 0:28:54]} 28.
Bf2 {[%clk 0:04:44]} g5 {[%clk 0:25:52]} 29. Re4 {[%clk 0:04:20]} Nd6 {[%clk
0:25:49]} 30. Rd4 {[%clk 0:04:12]} Ndxc4 {[%clk 0:22:09]} 31. Bxc4 {[%clk
0:03:50]} Nxc4 {[%clk 0:22:33]} 32. Rc1 {[%clk 0:02:02]} b5 {[%clk 0:22:59]}
33. a4 {[%clk 0:01:58]} a6 {[%clk 0:22:42]} 34. axb5 {[%clk 0:02:24]} axb5
{[%clk 0:23:12]} 35. Qf3 {[%clk 0:01:49]} Qd7 {[%clk 0:22:47]} 36. g4 {[%clk
0:01:47]} h5 {[%clk 0:20:39]} 37. Qxh3 {[%clk 0:02:12]} Ne5 {[%clk 0:21:06]}
38. Qc3 {[%clk 0:01:20]} Kh6 {[%clk 0:20:29]} 39. h3 {[%clk 0:00:38]} b4 {[%clk
0:20:54]} 40. Qg3 {[%clk 0:00:33]} Ra8 {[%clk 0:19:33]} 41. Rf1 {[%clk
0:19:01]} h4 {[%clk 0:47:53]} 42. Qg2 {[%clk 0:09:43]} b3 {[%clk 0:45:50]} 43.
Rb4 {[%clk 0:09:20]} Ra2 {[%clk 0:39:15]} 44. Rxb3 {[%clk 0:07:46]} Qa4 {[%clk
0:39:40]} 45. Rf3 {[%clk 0:07:14]} Kg7 {[%clk 0:39:55]} 46. Rf5 {[%clk
0:06:16]} Nc4 {[%clk 0:39:51]} 47. Qe4 {[%clk 0:06:23]} Qb4 {[%clk 0:37:29]}
48. Rxf6 {[%clk 0:06:20]} 1-0

[Event "Deutsche Ländermeisterschaft 2017"]
[Site "Hannover GER"]
[Date "2017.10.04"]
[Round "7"]
[White "Vöge, Tobias"]
[Black "Syrov, Arkadi"]
[Result "1/2-1/2"]
[Termination "normal"]
[Board "3.2"]
[WhiteTitle "FM"]
[WhiteElo "2188"]
[BlackElo "2280"]
[WhiteClock "00:03:35"]
[BlackClock "00:05:22"]
[WhiteTeam "Niedersachsen"]
[BlackTeam "Rheinland-Pfalz"]
[PlyCount "120"]
[WhiteFideId "1270513"]
[BlackFideId "12942448"]
[EventCountry "GER"]
[EventRounds "7"]
[EventType "team-swiss"]
[EventDate "2017.09.29"]

1. c4 {[%clk 1:30:56]} c5 {[%clk 1:30:54]} 2. g3 {[%clk 1:31:22]} Nf6 {[%clk
1:31:18]} 3. Bg2 {[%clk 1:31:48]} d5 {[%clk 1:31:43]} 4. cxd5 {[%clk 1:32:12]}
Nxd5 {[%clk 1:32:09]} 5. Nf3 {[%clk 1:32:34]} Nc6 {[%clk 1:32:34]} 6. O-O
{[%clk 1:32:51]} e5 {[%clk 1:32:50]} 7. Nc3 {[%clk 1:32:54]} Be6 {[%clk
1:32:21]} 8. d3 {[%clk 1:33:18]} Be7 {[%clk 1:32:29]} 9. Nxd5 {[%clk 1:32:28]}
Bxd5 {[%clk 1:32:22]} 10. Bd2 {[%clk 1:32:01]} O-O {[%clk 1:28:17]} 11. Bc3
{[%clk 1:32:22]} Qd6 {[%clk 1:10:03]} 12. a4 {[%clk 1:27:27]} b6 {[%clk
1:02:03]} 13. Nd2 {[%clk 1:27:09]} Bxg2 {[%clk 1:01:40]} 14. Kxg2 {[%clk
1:27:34]} Qd5+ {[%clk 0:57:00]} 15. Kg1 {[%clk 1:27:39]} Rad8 {[%clk 0:54:55]}
16. Qb3 {[%clk 1:21:36]} Qxb3 {[%clk 0:37:32]} 17. Nxb3 {[%clk 1:21:59]} f5
{[%clk 0:37:55]} 18. f3 {[%clk 1:02:19]} Bg5 {[%clk 0:34:08]} 19. f4 {[%clk
0:48:14]} exf4 {[%clk 0:31:24]} 20. gxf4 {[%clk 0:48:36]} Bf6 {[%clk 0:31:49]}
21. a5 {[%clk 0:36:46]} Nd4 {[%clk 0:25:19]} 22. Bxd4 {[%clk 0:33:34]} Bxd4+
{[%clk 0:25:42]} 23. Nxd4 {[%clk 0:34:00]} Rxd4 {[%clk 0:26:04]} 24. axb6
{[%clk 0:34:12]} axb6 {[%clk 0:26:26]} 25. Kg2 {[%clk 0:20:48]} Rb4 {[%clk
0:24:47]} 26. Ra2 {[%clk 0:20:48]} Rd8 {[%clk 0:23:21]} 27. Kf3 {[%clk
0:20:24]} Rdd4 {[%clk 0:15:18]} 28. Ke3 {[%clk 0:19:56]} Kf7 {[%clk 0:06:32]}
29. Rf3 {[%clk 0:16:08]} Kf6 {[%clk 0:06:21]} 30. Rf1 {[%clk 0:14:07]} h6
{[%clk 0:05:50]} 31. Rf3 {[%clk 0:03:13]} g5 {[%clk 0:02:54]} 32. fxg5+ {[%clk
0:03:39]} hxg5 {[%clk 0:03:20]} 33. Kd2 {[%clk 0:02:03]} Rh4 {[%clk 0:03:36]}
34. h3 {[%clk 0:01:56]} Ke5 {[%clk 0:01:56]} 35. Re3+ {[%clk 0:00:50]} Kf6
{[%clk 0:02:11]} 36. Rf3 {[%clk 0:01:06]} Rbf4 {[%clk 0:01:14]} 37. Rg3 {[%clk
0:00:47]} Ra4 {[%clk 0:01:03]} 38. Rxa4 {[%clk 0:00:46]} Rxa4 {[%clk 0:01:32]}
39. Rf3 {[%clk 0:00:51]} Ke5 {[%clk 0:01:45]} 40. Re3+ {[%clk 0:00:55]} Kf4
{[%clk 0:00:32]} 41. Rf3+ {[%clk 0:00:44]} Ke5 {[%clk 0:29:31]} 42. Re3+ {[%clk
0:27:40]} Kf6 {[%clk 0:29:10]} 43. Re8 {[%clk 0:24:14]} Rh4 {[%clk 0:27:15]}
44. Rf8+ {[%clk 0:17:45]} Ke6 {[%clk 0:26:38]} 45. Rg8 {[%clk 0:17:13]} Kf6
{[%clk 0:27:00]} 46. Rf8+ {[%clk 0:17:36]} Ke5 {[%clk 0:26:31]} 47. Rg8 {[%clk
0:17:03]} Rh5 {[%clk 0:25:35]} 48. e3 {[%clk 0:13:55]} Kf6 {[%clk 0:25:35]} 49.
Rb8 {[%clk 0:13:42]} Rxh3 {[%clk 0:25:14]} 50. Rxb6+ {[%clk 0:14:00]} Kg7
{[%clk 0:23:59]} 51. Ke2 {[%clk 0:06:32]} g4 {[%clk 0:15:10]} 52. Kf2 {[%clk
0:05:07]} Rh2+ {[%clk 0:15:00]} 53. Kg3 {[%clk 0:04:13]} Rd2 {[%clk 0:14:48]}
54. Rd6 {[%clk 0:03:59]} c4 {[%clk 0:14:29]} 55. Rd5 {[%clk 0:03:10]} cxd3
{[%clk 0:10:08]} 56. Rxf5 {[%clk 0:03:28]} Rd1 {[%clk 0:10:28]} 57. Rd5 {[%clk
0:02:45]} Rg1+ {[%clk 0:04:25]} 58. Kf2 {[%clk 0:02:50]} Rb1 {[%clk 0:04:50]}
59. Rxd3 {[%clk 0:03:11]} Rxb2+ {[%clk 0:05:15]} 60. Kg3 {[%clk 0:03:35]} Rb4
{[%clk 0:05:22]} 1/2-1/2